<?xml version="1.0" encoding="UTF-8"?>
<resp>
  <nextPage>https://data.bn.org.pl/api/networks/bibs.marcxml?marc=001+b00001150002188&amp;sinceId=1150002189</nextPage>
  <collection>
    <record xmlns='http://www.loc.gov/MARC21/slim'><leader>01731namZa2200445ZiZ4500</leader><controlfield tag='001'>b00001150002188</controlfield><controlfield tag='005'>20241203215220.0</controlfield><controlfield tag='008'>230609s        pl           |000 0 pol c</controlfield><controlfield tag='009'>9913261508005606</controlfield><datafield ind1=' ' ind2=' ' tag='020'><subfield code='a'>8387246050 (t. 3 cz. 1)</subfield></datafield><datafield ind1=' ' ind2=' ' tag='035'><subfield code='a'>KR_1KR_1_20120317225103007493-48omnis_kr</subfield></datafield><datafield ind1=' ' ind2=' ' tag='035'><subfield code='a'>KR_1_20120317225103007493</subfield><subfield code='9'>ExL</subfield></datafield><datafield ind1=' ' ind2=' ' tag='035'><subfield code='a'>(PL)b00001150002188</subfield></datafield><datafield ind1=' ' ind2=' ' tag='040'><subfield code='a'>KR_1</subfield><subfield code='c'>KR_1</subfield></datafield><datafield ind1='0' ind2=' ' tag='041'><subfield code='a'>pol</subfield></datafield><datafield ind1='1' ind2=' ' tag='100'><subfield code='a'>Święch, Zbigniew</subfield></datafield><datafield ind1='1' ind2='0' tag='245'><subfield code='a'>Ostatni krzyżowiec Europy. Cz. 1, Oddychający sarkofag Warneńczyka? /</subfield><subfield code='c'>Zbigniew Święch.</subfield></datafield><datafield ind1=' ' ind2=' ' tag='250'><subfield code='a'>Wyd. 7.</subfield></datafield><datafield ind1=' ' ind2=' ' tag='260'><subfield code='a'>Kraków :</subfield><subfield code='b'>Wydaw. im. Warnenńczyka,</subfield><subfield code='c'>2001.</subfield></datafield><datafield ind1=' ' ind2=' ' tag='300'><subfield code='a'>242 s. :</subfield><subfield code='b'>1 portr. ;</subfield><subfield code='c'>20 cm.</subfield></datafield><datafield ind1='1' ind2=' ' tag='490'><subfield code='a'>Klątwy, mikroby i uczeni ;</subfield><subfield code='v'>t. 3</subfield></datafield><datafield ind1=' ' ind2=' ' tag='500'><subfield code='a'>n</subfield></datafield><datafield ind1=' ' ind2=' ' tag='502'><subfield code='a'>Na okł. tyt. cz. 1: Oddychający sarkofag - astralne życie Warneńczyka?</subfield></datafield><datafield ind1=' ' ind2=' ' tag='504'><subfield code='a'>Bibliogr. s. [241-243].</subfield></datafield><datafield ind1='1' ind2='9' tag='600'><subfield code='a'>Władysław Warneńczyk</subfield><subfield code='c'>(król Polski i Węgier ;</subfield><subfield code='d'>1424-1444)</subfield><subfield code='v'>publicystyka</subfield></datafield><datafield ind1=' ' ind2='9' tag='650'><subfield code='a'>Publicystyka polska</subfield><subfield code='y'>od 1989 r.</subfield></datafield><datafield ind1=' ' ind2='9' tag='650'><subfield code='a'>Magia</subfield><subfield code='x'>historia</subfield><subfield code='z'>Polska</subfield><subfield code='y'>15 w.</subfield><subfield code='v'>publicystyka</subfield></datafield><datafield ind1=' ' ind2='9' tag='650'><subfield code='a'>Astrologia</subfield><subfield code='x'>historia</subfield><subfield code='z'>Polska</subfield><subfield code='y'>15 w.</subfield><subfield code='v'>publicystyka</subfield></datafield><datafield ind1=' ' ind2='9' tag='651'><subfield code='a'>Polska</subfield><subfield code='y'>15 w.</subfield><subfield code='v'>publicystyka</subfield></datafield><datafield ind1=' ' ind2='9' tag='651'><subfield code='a'>Polska</subfield><subfield code='y'>15 w.</subfield><subfield code='v'>źródła</subfield></datafield><datafield ind1=' ' ind2=' ' tag='852'><subfield code='b'>48OMNIS_NETWORK</subfield><subfield code='8'>9913261508005606</subfield></datafield><datafield ind1=' ' ind2=' ' tag='852'><subfield code='b'>48OMNIS_WBP</subfield><subfield code='8'>990001261300308414</subfield></datafield><datafield ind1=' ' ind2=' ' tag='852'><subfield code='b'>48OMNIS_KR</subfield><subfield code='8'>991000021879708216</subfield></datafield><datafield ind1=' ' ind2=' ' tag='852'><subfield code='8'>22747141410008414</subfield><subfield code='j'>1</subfield><subfield code='b'>143CZ</subfield><subfield code='p'>14301-100119524</subfield><subfield code='c'>DOWYP</subfield><subfield code='z'>Wariant wydania: 2001</subfield></datafield><datafield ind1=' ' ind2=' ' tag='852'><subfield code='8'>22747141390008414</subfield><subfield code='j'>1</subfield><subfield code='b'>DGIO</subfield><subfield code='p'>14301-100119525</subfield><subfield code='c'>UBWG</subfield><subfield code='z'>Wariant wydania: 2001</subfield></datafield><datafield ind1=' ' ind2=' ' tag='920'><subfield code='a'>83-87246-05-0 (t. 3 cz. 1)</subfield></datafield></record>
  </collection>
</resp>
